| 000 | 01771nam a2200217 a 4500 | ||
|---|---|---|---|
| 001 | 17955648 | ||
| 008 | 160928s2013 ||||||||||||||||| || u | ||
| 010 | _a2013432036 | ||
| 020 | _a9781447219972 | ||
| 050 | _aPR 6113.E53A46 | ||
| 100 | _aMendelson, Charlotte | ||
| 245 | 1 | 0 |
_aAlmost English _cCharlotte Mendelson. |
| 260 |
_aLondon _bMantle _c2013 |
||
| 300 | _a390 pages ; 22 cm | ||
| 350 | _a9.54 | ||
| 500 | _aIncludes glossary and pronunciation. | ||
| 520 | _a"In a tiny flat in West London, sixteen-year-old Marina lives with her emotionally delicate mother, Laura, and three ancient Hungarian relatives. Imprisoned by her family's crushing expectations and their fierce unEnglish pride, by their strange traditions and stranger foods, she knows she must escape. But the place she runs to makes her feel even more of an outsider. At Combe Abbey, a traditional English public school for which her family have sacrificed everything, Marina realises she has made a terrible mistake. She is the awkward half-foreign girl who doesn't know how to fit in, flirt or even be. And as a semi-Hungarian Londoner, who is she? In the meantime, her mother Laura, an alien in this strange universe, has her own painful secrets to deal with, especially the return of the last man she'd expect back in her life. She isn't noticing that, at Combe Abbey, things are starting to go terribly wrong."-- Author's website. | ||
| 650 | 0 | _aHungarians - England - London - Fiction | |
| 995 |
_aFICTION Collection _e746856 _FCBU-SCHOOL OF MEDICINE LIBRARY (Ndola) _I9.54 _jPR 6113.E53A46 _M2 _UAVAILABLE _WSep 28, 2016 _y746856 _ZFiction Collection |
||
| 995 |
_aFICTION Collection _D9.54 _e746855 _FCBU-MAIN LIBRARY (Kitwe) _jPR 6113.E53A46 _M1 _UAVAILABLE _WSep 28, 2016 _y746855 _ZFiction Collection |
||
| 999 |
_c63665 _d63665 |
||